000 00848nam a2200253 i 4500
001 12533
003 ES-MaACL
005 20240222160828.0
007 t|
008 961022s1996 sp |||| | spa j
020 _a84-7658-488-1
080 _a860-23"19"
100 1 _aBorja, Margarita.
_930498
245 1 0 _aHelénica
_b: poemas para el "El público" : (pieza teatral) /
_cMargarita Borja ; proemio de Amelia Valcárcel ; presentación de Teresa Gómez Reus.
250 _a1ª ed.
260 _aBarcelona :
_bAnthropos ;
_aAlicante :
_bInstituto de Cultura Juan Gil-Albert,
_c1996.
300 _a104 p ;
_c20 cm.
490 1 _aPoesía ;
_v110
700 1 _aValcárcel, Amelia,
_d1950-
_9112466
700 1 _aGómez Reus, Teresa.
_958131
830 0 _aPoesía ;
_v110
_9177794
852 _aES-MaACL
_jL-19928
999 _c12533
_d12533